| 000 | 00634nam a2200181 a 4500 | ||
|---|---|---|---|
| 001 | 901 | ||
| 003 | CDMR | ||
| 005 | 20131125132000.0 | ||
| 008 | 130130s1988||||||||||||||||||||||||||||d | ||
| 040 |
_aCDMR _bcat _cCDMR |
||
| 100 | 1 |
_aDesantes Guanter, José María _9218 |
|
| 245 | 1 | 3 |
_aEl deber profesional de informar _b: lección magistral leida en la apertura del curso 1988-89 _cJose Mª Desantes-Guanter |
| 260 |
_aValencia _c1988 _bFundación Universitaria San Pablo CEU |
||
| 300 |
_a48 p ; _c21 cm |
||
| 500 | _aLliçó magistral llegida a l'obertura del curs 1988-89 | ||
| 650 | 0 | 4 |
_aLlibertat d'informació _91574 |
| 942 |
_cFULLET _2udc |
||
| 999 |
_c901 _d901 |
||